|
|
|
|
| LEADER |
01798nam a2200433 a 4500 |
| 001 |
000729513 |
| 003 |
CZ BrMZK |
| 005 |
20080227140743.0 |
| 007 |
ta |
| 008 |
040819s2004 xr abf grf 001 0 cze d |
| 015 |
|
|
|a cnb001493443
|
| 020 |
|
|
|a 80-7217-264-6
|q (brož.)
|
| 035 |
|
|
|a (OCoLC)85125175
|
| 040 |
|
|
|a BOA001
|b cze
|
| 041 |
1 |
|
|a cze
|h eng
|
| 043 |
|
|
|a e-gr---
|
| 072 |
|
7 |
|a 913(4)
|x Geografie Evropy, reálie, cestování
|2 Konspekt
|9 7
|
| 080 |
|
|
|a 913(495)
|2 MRF
|
| 080 |
|
|
|a (036)913
|2 MRF
|
| 100 |
1 |
|
|a Fisher, John
|7 xx0017141
|4 aut
|
| 245 |
1 |
0 |
|a Athény a okolí :
|b turistický průvodce /
|c John Fisher ; s fotografiemi Dalibora Mahela ; [z anglického originálu ... přeložil Zdeněk Hnilička]
|
| 246 |
1 |
8 |
|a Athény
|
| 250 |
|
|
|a Vyd. 1.
|
| 260 |
|
|
|a Brno :
|b Jota,
|c 2004
|
| 300 |
|
|
|a 205 s., [8] s. barev. obr. příl. :
|b barev. il., mapy ;
|c 20 cm +
|e 1 DVD
|
| 490 |
1 |
|
|a Livingstone - průvodci ;
|v sv. 35
|
| 500 |
|
|
|a Obsahuje rejstřík
|
| 500 |
|
|
|a Oceněno titulem Nejlepší turistické průvodce na GOkamera 2002
|
| 500 |
|
|
|a Dostupné též v digitální podobě v aplikaci Kramerius
|
| 655 |
|
7 |
|a turistické průvodce
|7 fd133738
|2 czenas
|
| 651 |
|
7 |
|a Athény (Řecko : oblast)
|7 ge254928
|2 czenas
|
| 700 |
1 |
|
|a Mahel, Dalibor,
|d 1965-
|7 jx20050317008
|4 pht
|
| 765 |
0 |
|
|t Rough guide to Athens
|9 Česky
|
| 830 |
|
0 |
|a Livingstone - průvodci
|0 s
|
| 856 |
4 |
1 |
|u http://www.digitalniknihovna.cz/mzk/uuid/uuid:ddd39380-a02a-11e6-baa5-005056827e51
|y Digitalizovaný dokument
|x NDK
|
| 910 |
|
|
|a BOA001
|b 2-1139.038
|
| 990 |
|
|
|a BK
|
| 996 |
6 |
|
|b 2610226382
|c 2-1139.038
|l MZK
|r Sklad / do 1 hodiny
|n 6
|p p.v.
|w 000729513
|u 000010
|a 1
|e BOA001
|j MZK50
|s P
|
| 996 |
7 |
|
|b 2610226383
|c 2-1139.038
|l Vol.výběr
|r VV 1p
|n 39
|p p.v.
|h 913(4) PRU ŘEC
|w 000729513
|u 000020
|a 0
|e BOA001
|j MZK50
|s A
|